[Event "AGAE"]
[Site "SchemingMind.com"]
[Date "2019.01.28"]
[Round "-"]
[White "kenneth m day"]
[Black "ray winteringham"]
[Result "1-0"]
[WhiteCountry "USA"]
[BlackCountry "ENG"]
[WhiteElo "1700"]
[WhiteRD "56"]
[BlackElo "1481"]
[BlackRD "50"]
[GameID "437710"]

1. e4 c5 2. d4 cxd4 3. c3 dxc3 4. Nxc3 e5 5. Nf3 d6 6. Bc4 h6 7. O-O Be7 8. Qb3 f6 9. Bxg8 Bg4 10. Bf7+ Kf8
11. Bg6 Bxf3 12. Qf7#
1-0

[Event "AGAE"]
[Site "SchemingMind.com"]
[Date "2019.01.28"]
[Round "-"]
[White "ray winteringham"]
[Black "kenneth m day"]
[Result "0-1"]
[WhiteCountry "ENG"]
[BlackCountry "USA"]
[WhiteElo "1481"]
[WhiteRD "50"]
[BlackElo "1700"]
[BlackRD "56"]
[GameID "437711"]

1. e4 e5 2. Nf3 Nc6 3. Nc3 Nf6 4. d3 a6 5. Be2 Be7 6. Be3 O-O 7. O-O d6 8. h3 Bd7 9. Qe1 Nb4 10. Qd2 Nc6
11. b3 h6 12. Nd1 Be6 13. c4 Nh7 14. Nh2 Qd7 15. f4 f5 16. Nf2 exf4 17. Bxf4 Ne5 18. d4 Ng6 19. d5 Bf7 20. Bg3 Bg5
21. Qd3 Rae8 22. exf5 Ne5 23. Bxe5 Rxe5 24. Bg4 Nf6 25. Nf3 Re3 26. Qd1 Bf4 27. Nd3 Bg3 28. c5 Bxd5 29. Nde1 h5 30. Nc2 Re7
31. Ng5 hxg4 32. hxg4 Qc6 33. Ne6 Bxe6 34. fxe6 Qxc5+ 35. Kh1 Rxe6 36. Nd4 Re4 37. Nf5 Rxg4 38. Ne7+ Kh7 39. Rxf6 Rh4#
0-1

[Event "AGAE"]
[Site "SchemingMind.com"]
[Date "2019.01.31"]
[Round "-"]
[White "Helga1946"]
[Black "private napoleon"]
[Result "1-0"]
[WhiteCountry "GER"]
[BlackCountry "ENG"]
[WhiteElo "2167"]
[WhiteRD "75"]
[BlackElo "1801"]
[BlackRD "95"]
[GameID "437712"]

1. d4 d5 2. c4 e6 3. Nc3 c6 4. e3 Nf6 5. a3 Bd6 6. Nf3 Nbd7 7. Qc2 O-O 8. Be2 e5 9. cxd5 exd4 10. Nxd4 Nxd5
11. Nxd5 cxd5 12. Bd2 Nf6 13. O-O Be6 14. Bd3 Qd7 15. Bc3 Rac8 16. Rac1 h6 17. Rfe1 Ng4 18. h3 Nf6 19. Qb1 a6 20. Nf5 Bb8
21. Nxh6+ Kh8 22. Bxf6 gxf6 23. Rxc8 Rxc8 24. Qd1 Kg7 25. Qf3 Kf8 26. Qxf6 Qc7 27. Qh8+ Ke7 28. Ng8+ Kd7 29. Nf6+ Ke7 30. Qh4 Qh2+
31. Kf1 Kf8 32. Nh7+ Ke8 33. Nf6+ Kf8 34. f4 Ba7 35. Kf2 d4 36. exd4 Bxd4+ 37. Kf3 Bxf6 38. Qxf6 Bd5+ 39. Be4 Be6 40. Qh6+ Kg8
41. Bh7+ Kh8 42. Rxe6 Qh1 43. Bg6+ Kg8 44. Qh7+ Kf8 45. Qxf7#
1-0

[Event "AGAE"]
[Site "SchemingMind.com"]
[Date "2019.01.31"]
[Round "-"]
[White "private napoleon"]
[Black "Helga1946"]
[Result "0-1"]
[WhiteCountry "ENG"]
[BlackCountry "GER"]
[WhiteElo "1763"]
[WhiteRD "89"]
[BlackElo "2185"]
[BlackRD "84"]
[GameID "437713"]

1. e4 e5 2. Nc3 Bc5 3. Bc4 Nf6 4. f4 d5 5. exd5 Ng4 6. d4 Bxd4 7. Nf3 Nf2 8. Qe2 Nxh1 9. Nxd4 O-O 10. fxe5 Qh4+
11. g3 Qxd4 12. Be3 Qxe5 13. O-O-O Bg4 14. Qxg4 Qxe3+ 15. Kb1 Nf2 16. Qd4 Nxd1
0-1

[Event "AGAE"]
[Site "SchemingMind.com"]
[Date "2019.02.10"]
[Round "-"]
[White "Clive Everill"]
[Black "Chessibelle"]
[Result "1-0"]
[WhiteCountry "CZE"]
[BlackCountry "ENG"]
[WhiteElo "1661"]
[WhiteRD "59"]
[BlackElo "1210"]
[BlackRD "61"]
[GameID "438193"]

1. e4 e5 2. f4 Nc6 3. Nf3 d6 4. Bc4 h6 5. O-O Nf6 6. Nc3 Be7 7. d3 O-O 8. f5 Nh5 9. Bb3 Kh8 10. Nxe5 Nf6
11. Nxf7+ Rxf7= 12. Bxf7 Qf8 13. Bg6 Nd8 14. Nb5 Rb8 15. Nxc7 Nd7 16. Ne6 Nxe6 17. fxe6 Qd8 18. exd7 Bxd7 19. Qh5 Qg8 20. Bxh6 Bf6
21. Bg5+
1-0

[Event "AGAE"]
[Site "SchemingMind.com"]
[Date "2019.02.10"]
[Round "-"]
[White "Chessibelle"]
[Black "Clive Everill"]
[Result "0-1"]
[WhiteCountry "ENG"]
[BlackCountry "CZE"]
[WhiteElo "1229"]
[WhiteRD "60"]
[BlackElo "1686"]
[BlackRD "59"]
[GameID "438194"]

1. Nf3 d5 2. d4 e6 3. e3 c5 4. Nc3 Nf6 5. Bb5+ Bd7 6. Bd3 c4 7. Be2 Bb4 8. Bd2 O-O 9. O-O Nc6 10. a3 Be7
11. Re1 a6 12. b3 cxb3 13. cxb3 b5 14. Nb1 Ne4 15. Bc1 Qb8 16. Qd3 Na7 17. Bb2 Rc8 18. Bd1 Nc6 19. Nbd2 Nxd2 20. Nxd2 Bd6
21. g3 Ne7 22. Bc2 g6 23. f4 Nf5 24. Qf1 Ng7 25. h4 Rxc2 26. Bc1 Nf5 27. Qf2 Nh6 28. Qf3 Nf5 29. b4 a5 30. Nf1 axb4
31. Qd1 Qc8 32. Bd2 Rxa3 33. Qg4 h5 34. Qh3 Rxa1 35. Rxa1 Nxe3 36. Bxe3 Qc3 37. Ra8+ Kg7 38. Rd8 Qc7 39. Rxd7 Qxd7 40. g4 hxg4
41. Qxg4 b3 42. Qg5 b2 43. Nd2 Rxd2 44. Bxd2 b1=Q+ 45. Kf2 Qa7 46. Ke2 Qxd4 47. f5 Qbe4+ 48. Kd1 Qxf5 49. Qh6+ Kg8
0-1

[Event "AGAE"]
[Site "SchemingMind.com"]
[Date "2019.03.16"]
[Round "-"]
[White "Uzi Mike"]
[Black "Allan Sedstrem"]
[Result "1-0"]
[WhiteCountry "USA"]
[BlackCountry "SCO"]
[WhiteElo "2227"]
[WhiteRD "93"]
[BlackElo "1472"]
[BlackRD "85"]
[GameID "439263"]

1. d4 d5 2. c4 dxc4 3. Nf3 e6 4. e3 Nf6 5. Bxc4 h6 6. O-O Bb4 7. Qa4+ Nc6 8. Bb5 Bd6 9. Bxc6+ bxc6 10. e4 Bd7
11. e5 c5 12. Qa3 cxd4 13. exd6 cxd6 14. Qxd6 Bb5 15. Qxd8+ Rxd8 16. Rd1 O-O 17. Nxd4 e5 18. Nc3 Ba6 19. Nc6 Rxd1+ 20. Nxd1 Be2
21. Nc3 Bc4 22. Nxe5 Ba6 23. Nc6 Re8 24. Be3 Ra8 25. Rd1 Bb7 26. Rd8+ Rxd8 27. Nxd8 Ba8 28. Bxa7 Kf8 29. b4 Ke8 30. Bb6 Nd7
31. Bc7 Nf6 32. b5 Kd7 33. Ba5
1-0

[Event "AGAE"]
[Site "SchemingMind.com"]
[Date "2019.03.16"]
[Round "-"]
[White "Allan Sedstrem"]
[Black "Uzi Mike"]
[Result "0-1"]
[WhiteCountry "SCO"]
[BlackCountry "USA"]
[WhiteElo "1555"]
[WhiteRD "69"]
[BlackElo "2090"]
[BlackRD "94"]
[GameID "439264"]

1. e4 c5 2. f4 d5 3. exd5 Nf6 4. c4 e6 5. Nc3 exd5 6. Nf3 d4 7. Ne2 d3 8. Nc3 Nc6 9. Ne5 Nb4 10. Rb1 Nc2+
11. Kf2 Qd4+ 12. Kf3 Bd6 13. Bxd3 Bxe5 14. fxe5 Bg4+
0-1

[Event "AGAE"]
[Site "SchemingMind.com"]
[Date "2019.04.08"]
[Round "-"]
[White "Robert Bruce"]
[Black "JAHI"]
[Result "1-0"]
[WhiteCountry "SCO"]
[BlackCountry "INT"]
[WhiteElo "2428"]
[WhiteRD "76"]
[BlackElo "1975"]
[BlackRD "72"]
[GameID "439935"]

1. c4 d6 2. g3 d5 3. cxd5 Qxd5 4. Nf3 Bg4 5. Nc3 Qa5 6. Bg2 Bxf3 7. Bxf3 c6 8. b4 Qxb4 9. Rb1 Qc4 10. Rxb7 e6
11. O-O Qa6 12. Qb3 Nd7 13. d4 Rc8 14. Bf4 Nb6 15. Rc7 Rxc7 16. Bxc7 Ne7 17. Rc1 Nd7 18. Ne4 Nd5 19. Nd6+ Bxd6 20. Bxd6 g6
21. e4 N5f6 22. d5 cxd5 23. e5 Ne4 24. Bxe4 dxe4 25. Qb5
1-0

[Event "AGAE"]
[Site "SchemingMind.com"]
[Date "2019.04.07"]
[Round "-"]
[White "JAHI"]
[Black "Robert Bruce"]
[Result "0-1"]
[WhiteCountry "INT"]
[BlackCountry "SCO"]
[WhiteElo "1897"]
[WhiteRD "69"]
[BlackElo "2441"]
[BlackRD "74"]
[GameID "439936"]

1. c3 f5 2. d3 d5 3. h3 e5 4. g3 Nf6 5. Bg5 Be7 6. Bxf6 Bxf6 7. Bg2 c6 8. Nd2 O-O 9. h4 Qe7 10. h5 Nd7
11. h6 g6 12. Nh3 g5 13. f3 Nc5 14. Nf2 e4 15. d4 e3 16. dxc5 Be5 17. Nd3 Bxg3+ 18. Kf1 exd2 19. Qxd2 f4 20. Rd1 b6
21. cxb6 axb6 22. Nb4 Bb7 23. b3 Rae8 24. c4 dxc4 25. bxc4 Rf6 26. Rh5 Re6
0-1

[Event "AGAE"]
[Site "SchemingMind.com"]
[Date "2019.04.18"]
[Round "-"]
[White "kenneth m day"]
[Black "clare1347"]
[Result "0-1"]
[WhiteCountry "USA"]
[BlackCountry "ENG"]
[WhiteElo "1732"]
[WhiteRD "54"]
[BlackElo "2385"]
[BlackRD "97"]
[GameID "440379"]

1. e4 e5 2. Nf3 Nc6 3. c3 d5 4. Qa4 Qd6 5. d4 Bd7 6. Bb5 Nf6 7. exd5 Qxd5 8. O-O e4 9. c4 Qh5 10. Re1 O-O-O
11. Ne5 Nxe5 12. dxe5 Bxb5 13. Qxb5 Rd1 14. Kf1 a6 15. Qb3 Rxe1+ 16. Kxe1 Ng4 17. Bf4 Qf5 18. Bg3 Bc5 19. Qc2 h5 20. Nc3 h4
21. h3 hxg3 22. Qxe4 Qxf2+
0-1

[Event "AGAE"]
[Site "SchemingMind.com"]
[Date "2019.04.18"]
[Round "-"]
[White "clare1347"]
[Black "kenneth m day"]
[Result "1-0"]
[WhiteCountry "ENG"]
[BlackCountry "USA"]
[WhiteElo "2385"]
[WhiteRD "97"]
[BlackElo "1732"]
[BlackRD "54"]
[GameID "440380"]

1. e4 e5 2. Nf3 Nc6 3. Bb5 Nf6 4. O-O Nxe4 5. d4 Nd6 6. Bxc6 dxc6 7. dxe5 Nf5 8. Qxd8+ Kxd8 9. Nc3 Be7 10. h3 Re8
11. Rd1+ Bd7 12. Nd4 Kc8 13. Nf3 a5 14. Bg5 h6 15. Bf4 Be6 16. b3 b6 17. g4 Nh4 18. Nxh4 Bxh4 19. Rd3 Kb7 20. Rad1 Rad8
21. Rxd8 Rxd8 22. Rxd8 Bxd8 23. Ne4 Be7 24. Kg2 Kc8 25. Bd2 Bd5 26. Kf3 c5 27. c4 Be6 28. Ng3 Kd7 29. Nh5 Bf8 30. Nf4 Be7
31. Nxe6 Kxe6 32. Ke4 c6 33. f4 f5+ 34. gxf5+ Kf7 35. e6+ Ke8 36. Bc3 Bf6 37. Be5 Bxe5 38. Kxe5 Ke7 39. a4 h5 40. h4
1-0

[Event "AGAE"]
[Site "SchemingMind.com"]
[Date "2019.08.09"]
[Round "-"]
[White "Phillip Beckett"]
[Black "Helga1946"]
[Result "0-1"]
[WhiteCountry "ENG"]
[BlackCountry "GER"]
[WhiteElo "1497"]
[WhiteRD "51"]
[BlackElo "2235"]
[BlackRD "64"]
[GameID "444552"]

1. d4 d5 2. c4 dxc4 3. Qa4+ Nc6 4. e3 e5 5. Bxc4 exd4 6. Bb5 Bd7 7. Nf3 Bb4+ 8. Bd2 Bxd2+ 9. Nbxd2 dxe3 10. fxe3 Qe7
11. Qe4 O-O-O 12. Qxe7 Ngxe7 13. O-O-O Rhe8 14. Rhe1 f6 15. Ne4 Nf5 16. Bxc6 Bxc6 17. Rxd8+ Kxd8 18. Ned2 Rxe3 19. Rxe3 Nxe3 20. g3 b6
21. Nd4 Bd5 22. N2f3 c5
0-1

[Event "AGAE"]
[Site "SchemingMind.com"]
[Date "2019.08.09"]
[Round "-"]
[White "Helga1946"]
[Black "Phillip Beckett"]
[Result "1-0"]
[WhiteCountry "GER"]
[BlackCountry "ENG"]
[WhiteElo "1916"]
[WhiteRD "56"]
[BlackElo "1503"]
[BlackRD "52"]
[GameID "444553"]

1. e4 e5 2. Nf3 Nc6 3. Bb5 a6 4. Bxc6 dxc6 5. h3 Qd6 6. O-O Bd7 7. d3 f6 8. b3 O-O-O 9. Ba3 Qe6 10. Bxf8 Rxf8
11. d4 exd4 12. Qxd4 Kb8 13. Nc3 Rd8 14. Na4 Qd6 15. Rad1 Qxd4 16. Nxd4 Ne7 17. Nc5 Bc8 18. Nde6 Bxe6 19. Nxe6 Rxd1 20. Rxd1 g6
21. Rd7 Nc8 22. Nxc7 Nb6 23. Re7 Nc8 24. Re8 Rxe8 25. Nxe8 f5 26. exf5 gxf5 27. Nf6 h6 28. Ng8 h5 29. Kh2 Nd6 30. h4 Ne4
31. f3 Nc3 32. g4 fxg4 33. fxg4 hxg4 34. Kg3 Kc7 35. h5
1-0

[Event "AGAE"]
[Site "SchemingMind.com"]
[Date "2019.09.07"]
[Round "-"]
[White "clare1347"]
[Black "Robert Bruce"]
[Result "0-1"]
[WhiteCountry "ENG"]
[BlackCountry "SCO"]
[WhiteElo "2233"]
[WhiteRD "82"]
[BlackElo "2406"]
[BlackRD "65"]
[GameID "445403"]

1. e4 Nf6 2. e5 Nd5 3. d4 d6 4. c4 Nb6 5. f4 dxe5 6. fxe5 Nc6 7. Be3 Bf5 8. Nc3 e6 9. Nf3 Be7 10. d5 exd5
11. cxd5 Nb4 12. Nd4 Bd7 13. Qf3 c5 14. Nf5 Nc2+ 15. Kf2 O-O 16. Nxe7+ Qxe7 17. Rc1 Nxe3 18. Qxe3 Rae8 19. Re1 Qh4+ 20. g3 Qb4
21. b3 Bf5 22. Bb5 Rc8 23. Rhf1 Bh3 24. Rg1 c4 25. bxc4 Qa5 26. Rc1 a6 27. c5 axb5 28. cxb6 b4 29. Ne2 Bg4 30. Qd4 h5
31. Kg2 Qxa2 32. Rcf1 Rc2
0-1

[Event "AGAE"]
[Site "SchemingMind.com"]
[Date "2019.09.07"]
[Round "-"]
[White "Robert Bruce"]
[Black "clare1347"]
[Result "1-0"]
[WhiteCountry "SCO"]
[BlackCountry "ENG"]
[WhiteElo "2406"]
[WhiteRD "65"]
[BlackElo "2233"]
[BlackRD "82"]
[GameID "445404"]

1. d4 Nf6 2. Nf3 e6 3. e3 d5 4. Bd3 c5 5. b3 Nc6 6. O-O Be7 7. Bb2 O-O 8. Nbd2 cxd4 9. exd4 Nh5 10. Re1 Nf4
11. Bf1 Bd7 12. c4 Qc7 13. g3 Ng6 14. h4 Bf6 15. Bd3 Nb4 16. Bf1 Nc6 17. Rc1 Rfe8 18. b4 Nxb4 19. cxd5 Qa5 20. dxe6 Rxe6
21. Ne5 Ba4 22. Qg4 Bxe5 23. dxe5 Nxa2 24. Nc4 Qc5 25. Ra1 Bc6 26. h5 Nb4 27. Rad1 b5 28. Nd6
1-0

[Event "AGAE"]
[Site "SchemingMind.com"]
[Date "2019.10.10"]
[Round "-"]
[White "Clive Everill"]
[Black "Uzi Mike"]
[Result "0-1"]
[WhiteCountry "CZE"]
[BlackCountry "USA"]
[WhiteElo "1782"]
[WhiteRD "61"]
[BlackElo "2322"]
[BlackRD "89"]
[GameID "446715"]

1. Nf3 d5 2. e3 Nf6 3. c4 c5 4. d4 e6 5. a3 cxd4 6. exd4 Be7 7. Nc3 O-O 8. Bd3 dxc4 9. Bxc4 b6 10. O-O Ba6
11. Bxa6 Nxa6 12. Ne5 Nc7 13. Bg5 Nfd5 14. Bxe7 Nxe7 15. f4 Nf5 16. Ne2 Ne3 17. Qb3 Nxf1 18. Kxf1 Nd5 19. g3 Rc8 20. h4 Rc2
21. Ke1 Qc8 22. Kf2 Qc7 23. Nf3 Rc8 24. Qd3 Rxb2 25. Ng5 Qc2 26. Qxc2 Rcxc2 27. Re1 Nc3
0-1

[Event "AGAE"]
[Site "SchemingMind.com"]
[Date "2019.10.10"]
[Round "-"]
[White "Uzi Mike"]
[Black "Clive Everill"]
[Result "1-0"]
[WhiteCountry "USA"]
[BlackCountry "CZE"]
[WhiteElo "2322"]
[WhiteRD "89"]
[BlackElo "1782"]
[BlackRD "61"]
[GameID "446716"]

1. d4 f5 2. g3 Nf6 3. c4 g6 4. Nc3 Bg7 5. Bg2 O-O 6. Nf3 d6 7. O-O Qe8 8. d5 Na6 9. Rb1 Bd7 10. b4 c5
11. dxc6 bxc6 12. Qc2 e5 13. Rd1 Qe7 14. Ng5 h6 15. b5 Nb8 16. Nh3 a6 17. Ba3 Ne8 18. Nd5 Qe6 19. bxc6 Bxc6 20. c5 Kh7
21. cxd6 Nxd6 22. Nc7
1-0

[Event "AGAE"]
[Site "SchemingMind.com"]
[Date "2020.03.27"]
[Round "-"]
[White "Uzi Mike"]
[Black "Robert Bruce"]
[Result "1-0"]
[WhiteCountry "USA"]
[BlackCountry "SCO"]
[WhiteElo "2305"]
[WhiteRD "73"]
[BlackElo "2386"]
[BlackRD "64"]
[GameID "452591"]

1. d4 Nf6 2. c4 c5 3. d5 b5 4. Nf3 e6 5. e4 Nxe4 6. Bd3 Nf6 7. Nc3 b4 8. Ne4 a5 9. Nxf6+ Qxf6 10. Bg5 Qxb2
11. O-O g6 12. Bf4 d6 13. Bc2 Qf6 14. Ba4+ Bd7 15. Bg5 Qg7 16. dxe6 fxe6 17. Re1 Kf7 18. Ne5+ dxe5 19. Bxd7 Nxd7 20. Qf3+ Nf6
21. Qxa8 Be7 22. Qxa5 h6 23. Be3 Qf8 24. a3 e4 25. axb4 cxb4 26. Qc7 Qb8 27. Ra7 Qxc7 28. Rxc7 Rb8 29. Bc5 Ng8 30. Bd6 Rb6
31. c5 Ra6 32. Rb7 Kf6 33. Rb8 Kf7 34. Bxe7 Nxe7 35. Rxb4 Kf6 36. Rbxe4 Rc6 37. f4 Nc8 38. Kf2 Rxc5 39. Rxe6+ Kf7 40. g4 Rc7
41. h4 Ne7 42. Rxe7+ Rxe7 43. Rxe7+ Kxe7 44. Ke3 Ke6 45. Ke4 Kf6 46. f5
1-0

[Event "AGAE"]
[Site "SchemingMind.com"]
[Date "2020.03.27"]
[Round "-"]
[White "Robert Bruce"]
[Black "Uzi Mike"]
[Result "1-0"]
[WhiteCountry "SCO"]
[BlackCountry "USA"]
[WhiteElo "2386"]
[WhiteRD "64"]
[BlackElo "2305"]
[BlackRD "73"]
[GameID "452592"]

1. d4 Nf6 2. c4 e6 3. Nc3 Bb4 4. e3 c5 5. Ne2 cxd4 6. exd4 d5 7. c5 Nc6 8. a3 Ba5 9. b4 Bc7 10. g3 e5
11. Bg2 exd4 12. Nb5 Bb8 13. Nbxd4 O-O 14. O-O a6 15. Bb2 Re8 16. Qb3 Bc7 17. Rfe1 h6 18. Nc2 Bf5 19. Rad1 Be4 20. Bxf6 Qxf6
21. Nc3 Bxg2 22. Rxe8+ Rxe8 23. Kxg2 Ne7 24. Ne3 d4 25. Ncd5 Nxd5 26. Nxd5 Qe5 27. Qc4 Qe6 28. Qxd4 Qc6 29. Qd3 Re6 30. Qf3 Kf8
31. Nxc7 Qxc7 32. a4 b6 33. Qa8+ Re8 34. Qxa6 bxc5 35. Rc1 Qb8 36. bxc5 Qb2 37. Qd6+ Kg8 38. Rc4 Re2 39. Qd8+ Kh7 40. Qd3+ Kg8
41. Qf3 Re7 42. Qd5 Qb8 43. c6 Rc7 44. a5 Qa8 45. Rc1 h5 46. h4 Ra7 47. Kh2 Rc7 48. Qb5 Qf8 49. Rd1
1-0